Pictures in North America - Sudden Death! - Statistics

General Stats
  • This quiz has been taken 62 times
  • The average score is 10 of 16
Answers on the Grid
Answers color-coded by a green-red scale on the quiz's grid according to % correct below.
 
Answer Stats
Answer % Correct
Golden Gate Bridge (United States)
90%
Mount Rushmore (United States)
86%
Statue of Liberty (United States)
86%
Hollywood Sign (United States)
84%
The White House (United States)
82%
Seattle (United States)
76%
Gateway Arch (United States)
76%
Niagara Falls (United States / Canada)
67%
Horseshoe Bend (United States)
63%
Toronto (Canada)
61%
Mount Denali (United States)
57%
Yosemite Half Dome (United States)
51%
Transamerica Pyramid (United States)
45%
Chichén Itzá (Mexico)
43%
Château Frontenac (Canada)
25%
Parliament Hill (Canada)
20%
No matching quizzes found
Score Distribution
Percent of People with Each Score
Percentile by Number Answered
Your Score History
You have not taken this quiz